Normal view
MARC view
Entry Personal Name
001 - CONTROL NUMBER
- control field: 3824
003 - CONTROL NUMBER IDENTIFIER
- control field: OSt
005 - DATE AND TIME OF LATEST TRANSACTION
- control field: 20190327125017.0
008 - FIXED-LENGTH DATA ELEMENTS
- fixed length control field: 190327|| aca||aabn | a|a d
040 ## - CATALOGING SOURCE
- Original cataloging agency: OSt
- Transcribing agency: OSt
100 ## - HEADING--PERSONAL NAME
- Personal name: Andaman and Nicobar. Agricultural Census Cell. Statistical Bureau
670 ## - SOURCE DATA FOUND
- Source citation: Work cat.: (OSt): Andaman and Nicobar. Agricultural Census Cell. Statistical Bureau, Report on Agricultural census, 1980-81 and input survey, 1981-82, 1982
